Statistics for Super Smash Bros. N64 Quiz

Click here to take the quiz!

General Stats

  • This quiz has been taken 60 times
  • The average score is 11 of 12

Answer Stats

Answer% Correct
Mario
100%
Link
98%
Luigi
98%
Donkey Kong
92%
Kirby
92%
Samus
92%
Fox
90%
Jigglypuff
90%
Captain Falcon
88%
Yoshi
88%
Pikachu
86%
Ness
82%

Score Distribution

Percentile by Number Answered

Percent of People with Each Score

Your Score History

You have not taken this quiz